[Event "Dos Hermanas Internet Final"]
[Site "Internet Chess Club"]
[Date "2005.03.26"]
[Round "2.2"]
[White "Volkov, Sergey"]
[Black "Savchenko, Boris"]
[Result "1/2-1/2"]
[WhiteElo "2612"]
[BlackElo "2484"]
[PlyCount "97"]
[EventDate "2005.03.26"]
[EventType "k.o. (rapid)"]
[EventCountry "ESP"]
[Source "lmi"]
[SourceDate "2005.03.28"]

1. d4 Nf6 2. c4 e5 3. dxe5 Ng4 4. Bf4 Bb4+ 5. Nd2 d6 6. exd6 Qf6 7. e3 Bxd6 8.
Be2 h5 9. Bxg4 Bxg4 10. f3 Bxf4 11. exf4 Be6 12. Ne2 Nc6 13. Qb3 O-O-O 14. Qc3
Qg6 15. O-O Rd3 16. Qc1 Rhd8 17. Ne4 Bf5 18. N2g3 Nd4 19. Kh1 Bxe4 20. Nxe4 Ne2
21. Qe1 Nxf4 22. Qg3 Qxg3 23. hxg3 Ne6 24. Rae1 a5 25. Kh2 b6 26. f4 R8d4 27.
f5 Nd8 28. b3 a4 29. Ng5 axb3 30. axb3 Rxb3 31. Re8 Kb7 32. Rg8 h4 33. Nf3
hxg3+ 34. Kxg3 g6 35. fxg6 fxg6 36. Rc1 Rd6 37. c5 bxc5 38. Rxc5 Ne6 39. Re5
Nd4 40. Ree8 Kc6 41. Ra8 Nxf3 42. gxf3 Rf6 43. Ra6+ Rb6 44. Ra7 Rd6 45. Rg7 Rb7
46. Ra6+ Rb6 47. Ra7 Rb7 48. Ra6+ Rb6 49. Ra7 1/2-1/2

[Event "Dos Hermanas Internet Final"]
[Site "Internet Chess Club"]
[Date "2005.03.26"]
[Round "2.2"]
[White "Sakaev, Konstantin"]
[Black "Agamaliev, Gamil"]
[Result "1-0"]
[WhiteElo "2677"]
[BlackElo "2516"]
[PlyCount "59"]
[EventDate "2005.03.26"]
[EventType "k.o. (rapid)"]
[EventCountry "ESP"]
[Source "lmi"]
[SourceDate "2005.03.28"]

1. d4 Nf6 2. c4 e5 3. dxe5 Ng4 4. Bf4 g5 5. Bd2 Nxe5 6. e3 Bg7 7. Bc3 Qe7 8.
Nf3 Nbc6 9. Be2 d6 10. O-O O-O 11. Nxe5 dxe5 12. Nd2 f5 13. Qc2 Be6 14. Rad1 g4
15. a3 Qh4 16. g3 Qh5 17. h4 a5 18. b4 Ne7 19. Nb3 Ng6 20. Nc5 Bc8 21. bxa5 Bf6
22. Nd7 Bxd7 23. Rxd7 f4 24. Qe4 Rae8 25. Rxc7 Bxh4 26. gxh4 Qxh4 27. Qd5+ Kh8
28. Qh1 Qxh1+ 29. Kxh1 f3 30. Bd3 1-0

[Event "Dos Hermanas Internet Final"]
[Site "Internet Chess Club"]
[Date "2005.03.26"]
[Round "2.2"]
[White "Petrosian, Tigran L"]
[Black "Milanovic, Danilo"]
[Result "0-1"]
[WhiteElo "2568"]
[BlackElo "2447"]
[PlyCount "398"]
[EventDate "2005.03.26"]
[EventType "k.o. (rapid)"]
[EventCountry "ESP"]
[Source "lmi"]
[SourceDate "2005.03.28"]

1. e4 c5 2. Nf3 Nc6 3. Bb5 e6 4. Bxc6 bxc6 5. d3 Qc7 6. O-O e5 7. Nc3 Be7 8.
Nd2 Nf6 9. Nc4 d5 10. Nd2 Bg4 11. f3 Be6 12. Kh1 O-O 13. b3 Rad8 14. Qe2 Bd6
15. Na4 Nd7 16. c4 d4 17. Ba3 a5 18. Rae1 g6 19. Qf2 Rde8 20. Re2 Qd8 21. Qg3
Qe7 22. Rfe1 Nf6 23. Qh4 Nd7 24. Qxe7 Rxe7 25. g3 f6 26. Kg2 Kg7 27. Rf2 g5 28.
h3 h5 29. g4 h4 30. Rb1 Rb8 31. Rff1 Ree8 32. Kf2 Rb7 33. Ke2 Reb8 34. Kd1 Kf7
35. Kc2 Ke7 36. Rb2 Kd8 37. Rbb1 Kc7 38. Ra1 Ra8 39. Rfb1 Rab8 40. Rh1 Ra8 41.
Kc1 Rab8 42. Nb1 Ra8 43. Bb2 Nb6 44. Nxb6 Rxb6 45. Kc2 Rb7 46. Nd2 Rb6 47. Rhb1
Rab8 48. Bc1 Ra8 49. Nf1 Bd7 50. Bd2 Rba6 51. a3 Kc8 52. Rb2 Kc7 53. Rab1 R8a7
54. Be1 Be8 55. Nd2 Bd7 56. Ra1 Be8 57. Rba2 Bd7 58. Nb1 Be8 59. Kb2 Bd7 60.
Nd2 Be8 61. Kc2 Bd7 62. Rb2 Be8 63. Kd1 Bd7 64. Rc1 Rb7 65. Nb1 Be7 66. Kc2 Be8
67. Nd2 Bd7 68. Rcb1 Be8 69. Nf1 Rba7 70. Kc1 Bd7 71. Kd1 Be8 72. Ke2 Bd7 73.
Nd2 Be8 74. Kd1 Bd7 75. Ra2 Be8 76. Kc2 Bd7 77. Kb2 Be8 78. Ka1 Bd7 79. Rbb2
Be8 80. Nb1 Bd7 81. Bd2 Be8 82. a4 Bd7 83. Na3 Rb6 84. Rb1 Rb8 85. Rc2 Kb6 86.
Ka2 Rba8 87. Rcc1 Rb8 88. Nc2 Rba8 89. Ne1 Rh8 90. Rc2 Rha8 91. Ng2 Rh8 92. Bc1
Kc7 93. Ba3 Bd6 94. Rf2 Be6 95. Ne1 Bd7 96. Nc2 Be6 97. Rg1 Bd7 98. Rff1 Be6
99. Rg2 Bd7 100. Ne1 Be6 101. Kb2 Bd7 102. Ka2 Be6 103. Rff2 Bd7 104. Re2 Be6
105. f4 gxf4 106. Nf3 Raa8 107. Re1 Rag8 108. Reg1 Be7 109. Kb2 Kb6 110. Kc2
Bd6 111. Rh1 Rg6 112. Bb2 Kc7 113. Rhg1 Kb6 114. Bc1 Kc7 115. Bd2 Kb6 116. Be1
Rgh6 117. g5 fxg5 118. Rxg5 Bxh3 119. Rh1 Bc8 120. Rxh4 Rxh4 121. Bxh4 Re8 122.
Rg6 Bc7 123. Bf6 Bh3 124. Kd2 Bf1 125. Rg5 Rf8 126. Bxe5 Bxe5 127. Nxe5 Rh8
128. Ke1 Rh1 129. Kf2 Bh3 130. Rh5 Kc7 131. Rh6 Rf1+ 132. Ke2 Rh1 133. Kf2 Kb7
134. Rh7+ Kb8 135. Nxc6+ Kc8 136. Ne5 Rf1+ 137. Ke2 Rh1 138. Kf2 Rf1+ 139. Ke2
Rh1 140. Rh8+ Kc7 141. Kd2 Rh2+ 142. Ke1 Rh1+ 143. Kd2 Rh2+ 144. Kc1 Rh1+ 145.
Kb2 Bg2 146. Rxh1 Bxh1 147. Kc2 Kd6 148. Ng4 Bf3 149. Nf2 Ke5 150. Kd2 Kf6 151.
Ke1 Kg5 152. Kf1 Kh4 153. e5 Kg5 154. Nh3+ Kf5 155. e6 Bc6 156. e7 f3 157. Kf2
Kg4 158. Ng1 Kf5 159. Nxf3 Ke6 160. Kg3 Kxe7 161. Ne5 Be8 162. Kf4 Ke6 163. Nf3
Bh5 164. Ng5+ Kd6 165. Ne4+ Kc6 166. Nd2 Bd1 167. Ke4 Bc2 168. Ke5 Bxd3 169.
Kf4 Bc2 170. Kf3 Bd3 171. Kf4 Kd6 172. Kf3 Ke5 173. Kg3 Be2 174. Kf2 Bh5 175.
Nf1 Ke4 176. Ng3+ Kd3 177. Nxh5 Kc3 178. Ke2 Kxb3 179. Kd3 Kxa4 180. Ng3 Kb3
181. Ne4 Kb4 182. Nd2 a4 183. Kc2 a3 184. Kc1 Kc3 185. Nb1+ Kb3 186. Nd2+ Kb4
187. Kc2 Ka4 188. Kb1 Kb4 189. Kc2 d3+ 190. Kb1 Kc3 191. Ne4+ Kxc4 192. Ka2 Kd4
193. Nd2 Kc3 194. Ne4+ Kb4 195. Kb1 c4 196. Nf2 Kb3 197. Kc1 a2 198. Kd2 a1=Q
199. Ke3 Qe1+ 0-1

[Event "Dos Hermanas Internet Final"]
[Site "Internet Chess Club"]
[Date "2005.03.26"]
[Round "2.3"]
[White "Agamaliev, Gamil"]
[Black "Sakaev, Konstantin"]
[Result "0-1"]
[WhiteElo "2516"]
[BlackElo "2677"]
[PlyCount "44"]
[EventDate "2005.03.26"]
[EventType "k.o. (rapid)"]
[EventCountry "ESP"]
[Source "lmi"]
[SourceDate "2005.03.28"]

1. d4 d5 2. Nc3 Nf6 3. Bg5 c6 4. Qd2 h6 5. Bh4 b5 6. f3 Nbd7 7. a4 b4 8. Nd1 e5
9. dxe5 Nxe5 10. Qe3 Nfg4 11. Bxd8 Nxe3 12. Nxe3 Kxd8 13. O-O-O Bc5 14. Nxd5
cxd5 15. Rxd5+ Nd7 16. e4 Bb7 17. Rd1 Ke7 18. Nh3 Rhd8 19. Bd3 Ne5 20. Kb1 b3
21. f4 bxc2+ 22. Bxc2 Ng4 0-1

[Event "Dos Hermanas Internet Final"]
[Site "Internet Chess Club"]
[Date "2005.03.26"]
[Round "2.3"]
[White "Smeets, Jan"]
[Black "Bocharov, Dmitry"]
[Result "0-1"]
[WhiteElo "2475"]
[BlackElo "2585"]
[PlyCount "110"]
[EventDate "2005.03.26"]
[EventType "k.o. (rapid)"]
[EventCountry "ESP"]
[Source "lmi"]
[SourceDate "2005.03.28"]

1. e4 c5 2. Nf3 Nc6 3. Bb5 g6 4. Bxc6 dxc6 5. d3 Bg7 6. h3 Nf6 7. Nc3 Nd7 8.
Be3 e5 9. Qd2 h6 10. a3 Qe7 11. O-O a5 12. Na4 b5 13. Nc3 a4 14. Nh2 Nf8 15. f4
exf4 16. Bxf4 Ne6 17. Be3 Nd4 18. Rf2 Be6 19. Raf1 Rd8 20. Ng4 Bxg4 21. hxg4
Rd7 22. Nd1 Qh4 23. c3 Ne6 24. Qe2 Be5 25. g3 Bxg3 26. Rg2 Be5 27. Bf2 Qe7 28.
Bg3 Bxg3 29. Rxg3 O-O 30. Qh2 Kg7 31. Ne3 Ng5 32. Ng2 Rfd8 33. Nf4 c4 34. d4
Qxe4 35. Qf2 Re8 36. Kh2 Rde7 37. Nh3 Qe2 38. Nxg5 hxg5 39. Rg2 Qxf2 40. Rfxf2
Rh8+ 41. Kg3 Re3+ 42. Rf3 Rh3+ 43. Kxh3 Rxf3+ 44. Kh2 Re3 45. Rf2 f6 46. Kg2
Kf7 47. Kf1 Ke6 48. Rh2 Re4 49. Rh8 Rxg4 50. Rc8 Kd7 51. Rg8 Rf4+ 52. Ke2 Ke6
53. Rc8 g4 54. Rxc6+ Kd5 55. Rc5+ Kd6 0-1

[Event "Dos Hermanas Internet Final"]
[Site "Internet Chess Club"]
[Date "2005.03.26"]
[Round "2.3"]
[White "Guseinov, Gadir"]
[Black "Bu, Xiangzhi"]
[Result "0-1"]
[WhiteElo "2574"]
[BlackElo "2607"]
[PlyCount "70"]
[EventDate "2005.03.26"]
[EventType "k.o. (rapid)"]
[EventCountry "ESP"]
[Source "lmi"]
[SourceDate "2005.03.28"]

1. e4 c5 2. Nf3 d6 3. d4 cxd4 4. Nxd4 Nf6 5. Nc3 a6 6. Bg5 e6 7. f4 Qb6 8. Qd2
Qxb2 9. Nb3 Nc6 10. Bxf6 gxf6 11. Na4 Qa3 12. Nb6 Rb8 13. Nc4 Qa4 14. a3 b5 15.
Nxd6+ Bxd6 16. Qxd6 Qxe4+ 17. Be2 Bb7 18. O-O-O Rd8 19. Qc7 Qe3+ 20. Kb2 Qxe2
21. Rhe1 Qh5 22. g4 Qxg4 23. Rg1 Qh5 24. Qxb7 Rxd1 25. Qxc6+ Kf8 26. Rg3 Qd5
27. Qxa6 Ke7 28. Qa7+ Qd7 29. Qc5+ Rd6 30. f5 Rc8 31. Qf2 e5 32. Rg7 Rdc6 33.
Rxh7 Rxc2+ 34. Qxc2 Rxc2+ 35. Kxc2 Qxf5+ 0-1

[Event "Dos Hermanas Internet Final"]
[Site "Internet Chess Club"]
[Date "2005.03.26"]
[Round "2.3"]
[White "Milanovic, Danilo"]
[Black "Petrosian, Tigran L"]
[Result "1-0"]
[WhiteElo "2447"]
[BlackElo "2568"]
[PlyCount "153"]
[EventDate "2005.03.26"]
[EventType "k.o. (rapid)"]
[EventCountry "ESP"]
[Source "lmi"]
[SourceDate "2005.03.28"]

1. d4 Nf6 2. c4 g6 3. Nc3 d5 4. Bf4 Bg7 5. e3 O-O 6. Rc1 c6 7. Nf3 Nbd7 8. cxd5
Nxd5 9. Nxd5 cxd5 10. Bc7 Qe8 11. Bd3 a6 12. Qb3 Nf6 13. O-O b5 14. Rc2 Bf5 15.
Bxf5 gxf5 16. Rfc1 Kh8 17. Rc6 Rg8 18. g3 e6 19. Be5 Nd7 20. Bxg7+ Kxg7 21. Rc7
Rf8 22. R1c6 Nf6 23. Ne5 Ng4 24. Nd7 Rh8 25. h3 Nf6 26. Ne5 Rf8 27. Qd1 h6 28.
Qf3 Qd8 29. g4 fxg4 30. hxg4 Rb8 31. Qf4 Rb6 32. g5 Rxc6 33. Qxf6+ Qxf6 34.
gxf6+ Kxf6 35. Rxc6 Kf5 36. f3 f6 37. Nd3 a5 38. Rc5 Rb8 39. e4+ Kg5 40. exd5
exd5 41. Rxd5+ f5 42. Kf2 a4 43. a3 Rc8 44. Rc5 Rd8 45. Ke3 h5 46. Rxb5 h4 47.
Rb7 Rh8 48. Rg7+ Kf6 49. Rg1 Re8+ 50. Ne5 Rb8 51. Rg6+ Ke7 52. Nc6+ Kf7 53.
Nxb8 Kxg6 54. Kf2 Kg5 55. Nc6 Kf4 56. d5 h3 57. d6 h2 58. Kg2 Ke3 59. d7 f4 60.
d8=Q Ke2 61. Nd4+ Kd3 62. Ne6+ Ke3 63. Qd4+ Ke2 64. Nxf4+ Ke1 65. Qe3+ Kd1 66.
Qd4+ Kc2 67. Qxa4+ Kb1 68. b4 Kb2 69. b5 Kc3 70. b6 Kd2 71. b7 Ke3 72. Kxh2 Kf2
73. b8=Q Ke3 74. Qab3+ Kd2 75. a4 Ke1 76. Qe5+ Kf2 77. Qe2# 1-0

[Event "Dos Hermanas Internet Final"]
[Site "Internet Chess Club"]
[Date "2005.03.26"]
[Round "2.3"]
[White "Savchenko, Boris"]
[Black "Volkov, Sergey"]
[Result "0-1"]
[WhiteElo "2484"]
[BlackElo "2612"]
[PlyCount "140"]
[EventDate "2005.03.26"]
[EventType "k.o. (rapid)"]
[EventCountry "ESP"]
[Source "lmi"]
[SourceDate "2005.03.28"]

1. e4 e6 2. d4 d5 3. Nc3 Nf6 4. Bg5 Bb4 5. exd5 Qxd5 6. Bxf6 Bxc3+ 7. bxc3 gxf6
8. Qf3 Qa5 9. Bc4 Nd7 10. Ne2 Ke7 11. O-O Rg8 12. Rfe1 Nb6 13. Bd3 Bd7 14. c4
Qg5 15. Ng3 Rad8 16. Qxb7 h5 17. h4 Qf4 18. Re4 Qd2 19. Qxc7 Ke8 20. Rae1 Rc8
21. Qxa7 Nxc4 22. d5 Ne5 23. dxe6 fxe6 24. Qd4 Rg4 25. Rxg4 Qxe1+ 26. Nf1 hxg4
27. h5 Qc3 28. Qf4 Nxd3 29. cxd3 f5 30. h6 Ke7 31. Ne3 Rh8 32. d4 Qc1+ 33. Kh2
Qc8 34. Qg5+ Kd6 35. Qf6 Qf8 36. Nxf5+ Kc6 37. d5+ Kb7 38. Qb2+ Ka8 39. dxe6
Bxe6 40. Ne3 Qb8+ 41. Qxb8+ Kxb8 42. Kg3 Rxh6 43. a4 Rg6 44. Kf4 Bc8 45. f3
gxf3 46. gxf3 Ra6 47. Kg5 Ra5+ 48. Kf6 Rxa4 49. Ke5 Ra5+ 50. Kf6 Ra3 51. Nd5
Rxf3+ 52. Ke5 Rf1 53. Ne3 Ra1 54. Kd4 Bb7 55. Nc4 Ra4 56. Kc5 Ra1 57. Nd6 Rh1
58. Nb5 Rh5+ 59. Kb4 Bc6 60. Nd4 Kc7 61. Ne6+ Kb6 62. Nd4 Rh4 63. Kc4 Bb7 64.
Kc3 Bd5 65. Nf5 Rf4 66. Ne3 Kc5 67. Kd3 Be4+ 68. Ke2 Kd4 69. Nf1 Bd3+ 70. Kd2
Rf2+ 0-1

[Event "Dos Hermanas Internet Final"]
[Site "Internet Chess Club"]
[Date "2005.03.26"]
[Round "2.4"]
[White "Bocharov, Dmitry"]
[Black "Smeets, Jan"]
[Result "0-1"]
[WhiteElo "2585"]
[BlackElo "2475"]
[PlyCount "90"]
[EventDate "2005.03.26"]
[EventType "k.o. (rapid)"]
[EventCountry "ESP"]
[Source "lmi"]
[SourceDate "2005.03.28"]

1. d4 d5 2. c4 c6 3. Nf3 Nf6 4. Nc3 dxc4 5. a4 Bf5 6. Nh4 Bd7 7. e3 b5 8. Nf3
e6 9. Ne5 a5 10. Be2 Bb4 11. Bf3 Ra7 12. Bd2 O-O 13. O-O Qb6 14. Qc2 Rc8 15.
Rfd1 Be8 16. e4 Nfd7 17. Nxd7 Rxd7 18. Be3 Rcd8 19. e5 Na6 20. d5 Bc5 21. Bxc5
Nxc5 22. d6 f6 23. Qe2 Bg6 24. Qe3 b4 25. Ne2 fxe5 26. Qxe5 Nd3 27. Qxe6+ Bf7
28. Qe3 Qxe3 29. fxe3 Nxb2 30. Rdb1 c3 31. Nd4 Rxd6 32. Nxc6 Re8 33. Nxa5 Rxe3
34. Nb7 Ra6 35. a5 Nd3 36. Rf1 c2 37. Nd8 Bc4 38. Bb7 Ra7 39. a6 b3 40. Nc6 b2
41. Nxa7 bxa1=Q 42. Rxa1 Bxa6 43. Bxa6 Re1+ 44. Rxe1 Nxe1 45. Bc4+ Kh8 0-1

[Event "Dos Hermanas Internet Final"]
[Site "Internet Chess Club"]
[Date "2005.03.26"]
[Round "2.4"]
[White "Volkov, Sergey"]
[Black "Savchenko, Boris"]
[Result "1-0"]
[WhiteElo "2612"]
[BlackElo "2484"]
[PlyCount "125"]
[EventDate "2005.03.26"]
[EventType "k.o. (rapid)"]
[EventCountry "ESP"]
[Source "lmi"]
[SourceDate "2005.03.28"]

1. d4 Nf6 2. Nf3 e6 3. c4 d5 4. Nc3 Nc6 5. cxd5 exd5 6. Bg5 Be7 7. e3 O-O 8. h3
h6 9. Bf4 Ne4 10. Bd3 Bf5 11. Rc1 Nxc3 12. bxc3 Bxd3 13. Qxd3 Na5 14. Nd2 c6
15. O-O b5 16. e4 Nc4 17. Rfe1 Ba3 18. Rb1 Qd7 19. Qg3 Kh7 20. Nf3 dxe4 21.
Rxe4 Rae8 22. Rbe1 Rxe4 23. Rxe4 Qd5 24. Re2 a5 25. Ne5 Nxe5 26. Bxe5 f6 27.
Bc7 Rf7 28. Bxa5 Qc4 29. Qf3 f5 30. Bb6 Bd6 31. g3 g6 32. Kg2 h5 33. Re8 Rb7
34. Bc5 Bxc5 35. Qxc6 Qf7 36. dxc5 Rc7 37. Qe6 Qg7 38. Qe5 h4 39. Qxg7+ Kxg7
40. Re5 Kf6 41. Rd5 hxg3 42. fxg3 g5 43. g4 f4 44. h4 gxh4 45. Kh3 Kg6 46. Rf5
Ra7 47. Kxh4 Rxa2 48. Rxf4 Rc2 49. Rb4 Rxc3 50. Rxb5 Rc4 51. Rb6+ Kg7 52. Rc6
Rd4 53. Kh5 Rd1 54. Rc7+ Kf6 55. g5+ Kf5 56. Rf7+ Ke6 57. g6 Rh1+ 58. Kg5 Rc1
59. Kh6 Rxc5 60. Kg7 Rc8 61. Rf1 Rc7+ 62. Kh6 Rc1 63. Rxc1 1-0

[Event "Dos Hermanas Internet Final"]
[Site "Internet Chess Club"]
[Date "2005.03.27"]
[Round "3.1"]
[White "Smeets, Jan"]
[Black "Sakaev, Konstantin"]
[Result "1-0"]
[WhiteElo "2475"]
[BlackElo "2677"]
[PlyCount "63"]
[EventDate "2005.03.26"]
[EventType "k.o. (rapid)"]
[EventCountry "ESP"]
[Source "lmi"]
[SourceDate "2005.03.28"]

1. e4 c5 2. Nf3 d6 3. d4 cxd4 4. Nxd4 Nf6 5. Nc3 a6 6. Bc4 e6 7. Bb3 b5 8. Qf3
Qc7 9. Bg5 Be7 10. O-O-O b4 11. Nce2 Nbd7 12. Nf4 Ne5 13. Qe2 O-O 14. Kb1 a5
15. Bxe6 fxe6 16. Nfxe6 Bxe6 17. Nxe6 Qb7 18. Nxf8 Nxe4 19. Bc1 Rxf8 20. f3 Nc5
21. f4 Nf7 22. Rhe1 Bf6 23. g4 g6 24. g5 Bg7 25. h4 a4 26. h5 b3 27. cxb3 axb3
28. a3 gxh5 29. f5 Be5 30. Qxh5 Qg2 31. Re2 Qg3 32. g6 1-0

[Event "Dos Hermanas Internet Final"]
[Site "Internet Chess Club"]
[Date "2005.03.27"]
[Round "3.2"]
[White "Fridman, Daniel"]
[Black "Milanovic, Danilo"]
[Result "1/2-1/2"]
[WhiteElo "2569"]
[BlackElo "2447"]
[PlyCount "79"]
[EventDate "2005.03.26"]
[EventType "k.o. (rapid)"]
[EventCountry "ESP"]
[Source "lmi"]
[SourceDate "2005.03.28"]

1. d4 Nf6 2. Nf3 c5 3. c3 b6 4. Bg5 Bb7 5. Nbd2 e6 6. e3 Be7 7. Bd3 O-O 8. O-O
d6 9. b4 Nbd7 10. Qb1 h6 11. Bxf6 Nxf6 12. Rc1 Rb8 13. a3 Qc7 14. Ne4 Nd7 15.
Ned2 Rfc8 16. h3 d5 17. Qb2 c4 18. Bf1 f5 19. g3 Rf8 20. Bg2 Bd6 21. Nf1 a6 22.
N3d2 g5 23. f4 Nf6 24. Nf3 Qg7 25. Ne5 Kh8 26. Qf2 Rg8 27. Kh2 Qe7 28. Nd2 Rg7
29. Rg1 Rbg8 30. Bh1 Bc8 31. Bf3 Bd7 32. Be2 Ba4 33. Rac1 Qc7 34. Kh1 Be8 35.
Kh2 Qe7 36. Kh1 Qd8 37. Kh2 Qe7 38. Kh1 Qc7 39. Kh2 Qe7 40. Kh1 1/2-1/2

[Event "Dos Hermanas Internet Final"]
[Site "Internet Chess Club"]
[Date "2005.03.27"]
[Round "3.2"]
[White "Sakaev, Konstantin"]
[Black "Smeets, Jan"]
[Result "0-1"]
[WhiteElo "2677"]
[BlackElo "2475"]
[PlyCount "98"]
[EventDate "2005.03.26"]
[EventType "k.o. (rapid)"]
[EventCountry "ESP"]
[Source "lmi"]
[SourceDate "2005.03.28"]

1. d4 d5 2. c4 c6 3. Nf3 Nf6 4. Nc3 dxc4 5. a4 Bf5 6. e3 e6 7. Bxc4 Nbd7 8. O-O
Bb4 9. Nh4 Bg4 10. f3 Bh5 11. g4 Bg6 12. Ng2 e5 13. f4 exf4 14. exf4 Nb6 15.
Bb3 h6 16. f5 Bh7 17. Re1+ Kf8 18. Rf1 Nbd5 19. Qf3 Qd7 20. Bd2 a5 21. Rae1 Rd8
22. h4 Nc7 23. g5 hxg5 24. hxg5 Nfd5 25. Qh5 Kg8 26. Qf3 Kf8 27. Re4 Bg8 28.
Rfe1 f6 29. Nh4 Bf7 30. Qh3 Kg8 31. g6 Be8 32. Nxd5 cxd5 33. Bxb4 axb4 34. Re7
Qd6 35. Qg4 Bc6 36. Nf3 Re8 37. Rxe8+ Nxe8 38. Qg2 Nc7 39. Re3 Kf8 40. Qg4 Bd7
41. Kg2 b6 42. Re2 Na6 43. Ne5 fxe5 44. dxe5 Qe7 45. Bxd5 Rh4 46. Qg3 Rd4 47.
Bf3 Bxf5 48. e6 Nc7 49. Qe5 Qg5+ 0-1

[Event "Dos Hermanas Internet Final"]
[Site "Internet Chess Club"]
[Date "2005.03.27"]
[Round "3.3"]
[White "Zhao, Xue"]
[Black "Volkov, Sergey"]
[Result "0-1"]
[WhiteElo "2502"]
[BlackElo "2612"]
[PlyCount "60"]
[EventDate "2005.03.26"]
[EventType "k.o. (rapid)"]
[EventCountry "ESP"]
[Source "lmi"]
[SourceDate "2005.03.28"]

1. d4 d5 2. c4 c6 3. Nf3 Nf6 4. Nc3 a6 5. e3 b5 6. c5 g6 7. Bd2 Bg7 8. b4 O-O
9. a4 Bb7 10. Ra3 Nbd7 11. Qa1 a5 12. axb5 axb4 13. Rxa8 Qxa8 14. Na4 b3 15.
Bd3 b2 16. Qa2 b1=Q+ 17. Bxb1 cxb5 18. Nc3 b4 19. Nd1 Qxa2 20. Bxa2 Ra8 21. Bb3
Ra3 22. Bc2 b3 23. Bb1 Ra1 24. Nc3 Ba6 25. Bc1 Ne4 26. Bb2 Nxc3 27. Bxa1 Nxb1
28. Bb2 Nxc5 29. Kd1 Nd3 30. Ba1 Nxf2+ 0-1

[Event "Dos Hermanas Internet Final"]
[Site "Internet Chess Club"]
[Date "2005.03.27"]
[Round "3.3"]
[White "Smeets, Jan"]
[Black "Sakaev, Konstantin"]
[Result "1/2-1/2"]
[WhiteElo "2475"]
[BlackElo "2677"]
[PlyCount "110"]
[EventDate "2005.03.26"]
[EventType "k.o. (rapid)"]
[EventCountry "ESP"]
[Source "lmi"]
[SourceDate "2005.03.28"]

1. e4 c5 2. Nf3 d6 3. d4 cxd4 4. Nxd4 Nf6 5. Nc3 a6 6. Bc4 e6 7. Bb3 b5 8. Bg5
Be7 9. Qf3 Qc7 10. e5 Bb7 11. exd6 Bxd6 12. Qe3 Qc5 13. Bxf6 gxf6 14. Ne4 Bxe4
15. Qxe4 Qe5 16. Qxe5 fxe5 17. Nf3 Ke7 18. O-O-O Nc6 19. Rhe1 Rad8 20. c3 Rhg8
21. g3 f5 22. Re2 h6 23. Nh4 Bc5 24. f3 Kf6 25. Ng2 h5 26. Rxd8 Rxd8 27. Rd2
Rxd2 28. Kxd2 Bg1 29. h3 Bf2 30. g4 h4 31. Ke2 Bg3 32. a4 Na5 33. axb5 axb5 34.
Bc2 Nc4 35. Bd3 Nd6 36. gxf5 exf5 37. b3 Kg5 38. c4 b4 39. c5 Nc8 40. c6 Ne7
41. c7 e4 42. fxe4 fxe4 43. Bxe4 Bxc7 44. Kf3 Ng6 45. Bxg6 Kxg6 46. Nxh4+ Kf6
47. Ke4 Bd6 48. Nf3 Be7 49. Nd4 Kg5 50. Nc6 Bf8 51. Kd5 Kh4 52. Kc4 Kxh3 53.
Nxb4 Kg4 54. Nd3 Kf5 55. Kd5 Ba3 1/2-1/2

[Event "Dos Hermanas Internet Final"]
[Site "Internet Chess Club"]
[Date "2005.03.27"]
[Round "4.1"]
[White "Smeets, Jan"]
[Black "Fridman, Daniel"]
[Result "0-1"]
[WhiteElo "2475"]
[BlackElo "2569"]
[PlyCount "84"]
[EventDate "2005.03.26"]
[EventType "k.o. (rapid)"]
[EventCountry "ESP"]
[Source "lmi"]
[SourceDate "2005.03.28"]

1. e4 e5 2. Nf3 Nf6 3. Nxe5 d6 4. Nf3 Nxe4 5. Nc3 Nxc3 6. dxc3 Be7 7. Be3 Nc6
8. Qd2 Be6 9. O-O-O a6 10. Nd4 Nxd4 11. cxd4 O-O 12. Bd3 Qd7 13. Kb1 Bf6 14. f3
Rfe8 15. g4 Bxa2+ 16. Kxa2 Qe6+ 17. Kb1 Qxe3 18. Qxe3 Rxe3 19. Be4 c6 20. d5 c5
21. Rhe1 Rxe1 22. Rxe1 Be5 23. Re2 g6 24. c3 b5 25. Kc2 a5 26. h4 a4 27. Re1 a3
28. Ra1 a2 29. Kb3 h5 30. gxh5 gxh5 31. Bf5 Bf6 32. Bh3 Ra4 33. Bf1 c4+ 34. Kc2
Bxh4 35. b3 Ra3 36. bxc4 Bf6 37. Kb2 Rxc3 38. Kxa2 bxc4 39. Re1 h4 40. Re4 Rc1
41. Bxc4 h3 42. Kb3 h2 0-1

[Event "Dos Hermanas Internet Final"]
[Site "Internet Chess Club"]
[Date "2005.03.27"]
[Round "4.3"]
[White "Smeets, Jan"]
[Black "Fridman, Daniel"]
[Result "1/2-1/2"]
[WhiteElo "2475"]
[BlackElo "2569"]
[PlyCount "109"]
[EventDate "2005.03.26"]
[EventType "k.o. (rapid)"]
[EventCountry "ESP"]
[Source "lmi"]
[SourceDate "2005.03.28"]

1. e4 e5 2. Nf3 Nf6 3. Nxe5 d6 4. Nf3 Nxe4 5. Nc3 Nxc3 6. dxc3 Be7 7. Be3 Nc6
8. Qd2 Be6 9. O-O-O a6 10. Nd4 Nxd4 11. cxd4 O-O 12. d5 Bf5 13. f3 h6 14. g4
Bg6 15. Bd3 Bxd3 16. Qxd3 Bh4 17. f4 Re8 18. Rhf1 Qe7 19. Bd4 Bf6 20. Bxf6 Qxf6
21. Qd2 Re4 22. g5 hxg5 23. fxg5 Qg6 24. Rf2 Rae8 25. Rdf1 R8e7 26. a3 Rg4 27.
h4 Rxh4 28. Kb1 Rg4 29. Rf5 Rge4 30. R5f2 Rg4 31. Rh2 Qxg5 32. Qf2 f6 33. Qa7
Kf7 34. Qxb7 Rg1 35. Rh1 Rxh1 36. Rxh1 Qd2 37. Qxa6 Qxd5 38. Rg1 Qd2 39. Qc4+
d5 40. Qh4 Re5 41. a4 c5 42. Qg3 Qg5 43. Qh2 Qe3 44. a5 c4 45. Rh1 d4 46. a6 d3
47. Qg2 d2 48. Rd1 Qe2 49. Qxe2 Rxe2 50. a7 Re1 51. a8=Q Rxd1+ 52. Ka2 Ra1+ 53.
Kxa1 d1=Q+ 54. Ka2 Qxc2 55. Qd5+ 1/2-1/2